Famiglia e povertà. (Record n. 217361)

Dettagli MARC
000 -LEADER
campo di controllo lung. fissa 01829nam a2200229Ia 4500
001 - Numero di controllo
campo di controllo a1832-44955
003 - Identificatore del numero di controllo
campo di controllo IT-MiCISF
005 - Data e orario dell'ultima transazione
campo di controllo 20250905131131.0
008 - Elementi di lunghezza fissa--Informazione generale
campo di controllo lung. fissa 161014s9999||||xx |||||||||||||| ||und||
040 ## - Fonte della catalogazione
Agenzia catalografica originale IT-MiCISF
Agenzia che fa la trascrizione IT-MiCISF
041 ## - Codice di lingua
Codice di lingua del testo/traccia sonora o titolo separato it
100 ## - Accesso principale -- nome di persona
Nome di persona Belletti Francesco (a cura di)
9 (RLIN) 61079
245 #0 - Formulazione del titolo
Titolo Famiglia e povertà.
Complemento del titolo I comuni in prima linea
260 ## - Pubblicazione, distribuzione, ecc. (stampa)
Luogo di pubblicazione, distribuzione, ecc. Roma,
Nome dell'editore, distributore, ecc. Città Nuova,
Data di pubblicazione, distribuzione, ecc. 2008
300 ## - Descrizione fisica
Estensione pp. 185
500 ## - Nota generale
Nota generale / famiglia, politica-familiare, stratificazione-sociale, politiche-sociali, territorio /
520 ## - Riassunto, ecc.
Nota di riassunto, ecc. I più recenti dati Istat confermano che la povertà in Italia ha spesso il volto delle famiglie con tre o più figli, penalizzate dall'attuale meccanismo fiscale che non è in grado di redistribuire equamente secondo i carichi familiari. Politiche familiari più efficaci sarebbero - in effetti - la prima linea di contrasto, preventiva, alla povertà delle persone e delle famiglie, e in particolare alla povertà dei minori. Il volume rende pubblico un lungo lavoro di ricerca sulle famiglie in disagio socio-economico a partire da un momento cruciale, quando cioè i bisogni di queste famiglie incontrano i servizi socio-assistenziali dei Comuni. La ricerca presenta un'importante esperienza di sussidiarietà tra molti attori sociali, diversi per natura, obiettivi, regole e dimensioni. Pur tra le difficoltà che segnano oggi le politiche familiari e sociali in Italia, la ricerca conferma pertanto che sono possibili azioni positive e che i Comuni sono in prima linea in questa lotta e vanno riconosciuti loro risorse e strumenti adeguati e sufficienti.
650 ## - Accesso aggiunto di soggetto--termine topico
Termine topico o nome geografico come accesso Famiglia nella società / politica-familiare
Termine di ruolo 006
9 (RLIN) 62581
700 ## - Accesso aggiunto--nome di persona
Nome di persona Santolini C., Giacobbe G., Belletti F., Rossi G., Carletti R., Caperchione E.
9 (RLIN) 62582
942 ## - Dati aggiuntivi (Koha)
Tipo copia default (Koha) LIBRO
Fonte della classificazione o dello schema di collocazione (segnatura) Dewey Decimal Classification
999 ## - Sys Number locale (Koha)
Koha Dewey Subclass [OBSOLETE] si
Dati di copia
Ritirato (status) Perso (status) Danneggiato (status) Non per il presito Biblioteca proprietaria Biblioteca in cui si trova Data d'acquisizione Totale prestiti Collocazione Data ultima operazione Prezzo in vigore dal Tipo copia default (Koha) Nota pubblica
    Buone Condizioni Not For Loan CISF - Milano CISF - Milano 14/10/2016   a1832-44955 14/10/2016 14/10/2016 LIBRO Data import 15.10.2016 / by Epidotti, Vaglietti
CREDITS: SOCIETA' SAN PAOLO Via A.Severo, 58 - ROMA (RM) & PERIODICI SAN PAOLO SRL Via Giotto, 36 MILANO & CISF Via Giotto, 36 MILANO & EDIZIONI SAN PAOLO SRL,  Piazza Soncino, 5 CINISELLO BALSAMO (MI) -- ITALY